Word Ladder: Calvin and Hobbes Collections Quiz Stats

 Plays Quiz Updated Sep 2, 2017

Challenge
Share
Tweet
Embed
Score 0/27 Timer 03:00
0 Plays Today
Clue 4-Letter Word % Correct
Tyler Moore or Poppins, e.g.MARY
95.9%
A fully mature female horseMARE
95.1%
John Dillinger's robbery targetBANK
93.3%
The majority ofMOST
93.1%
To knock someone over the headBONK
92.2%
Villain in 'The Dark Knight Rises'BANE
91.9%
George Herman Ruth, Jr.'s nicknameBABE
91.4%
Chickens' residenceCOOP
90.9%
Netted target at either end of a soccer pitchGOAL
90.5%
Chilled or hipCOOL
89.4%
A young horseFOAL
89.4%
Sound caused by hooves on stoneCLOP
88.7%
At a minimal paceSLOW
88%
What a pig might call fine diningSLOP
87.7%
Clue 4-Letter Word % Correct
• 1991: The Revenge of the ___-Sat •
or A newborn
•BABY•
87.6%
A snake's defensive maneuver COIL
85%
To thwart an attemptFOIL
84.4%
• 1992: Attack of the Deranged Mutant Killer Monster ___ Goons •
or Winter precipitation
•SNOW•
81.1%
Sir Thomas who wrote 'Utopia'MORE
79.4%
• 1989: The Calvin and Hobbes Lazy Sunday ___
or Tome
•BOOK•
79.1%
A carpet-like swath of bryophytic plantsMOSS
77.6%
Sound from a hunting hornMORT
75%
'The Far Side' cartoonist LarsonGARY
67.5%
YouTube cooking show: 'What's ___ Cooking?'GABY
61.8%
• 1991: Scientific Progress ___ Boink!' •
or Leaves
•GOES•
57%
Former CIA director PorterGOSS
55.3%
Hebrew term meaning 'The redeemer'GOEL
53.3%

Today's Daily Dose

You're not logged in!

Compare scores with friends on all Sporcle quizzes.
Join for Free
OR
Log In

You Might Also Like...

Show Comments

Extras

Top Quizzes Today


Score Distribution

Your Account Isn't Verified!

In order to create a playlist on Sporcle, you need to verify the email address you used during registration. Go to your Sporcle Settings to finish the process.

Report this User

Report this user for behavior that violates our Community Guidelines.

Details: